Statistics for Pokemon with Highest Attack Stats (Non-Legendaries)

Click here to take the quiz!

General Stats

  • This quiz has been taken 21 times
  • The average score is 34 of 48

Answer Stats

TypeAnswer% Correct
Dragon/FlyingDragonite
92%
FightingMachamp
92%
Steel/GhostAegislash
83%
Grass/FightingBreloom
83%
Ice/FightingCrabominable
83%
Fire/FightingEmboar
83%
Dragon/GroundGarchomp
83%
Water/FlyingGyarados
83%
Ice/GroundMamoswine
83%
Rock/GroundRhyperior
83%
Steel/BugScizor
83%
Rock/FlyingArcheops
75%
IceBeartic
75%
Normal/FightingBewear
75%
Dark/SteelBisharp
75%
FightingConkeldurr
75%
FireDarmanitan
75%
Steel/BugEscavalier
75%
Ground/SteelExcadrill
75%
Ghost/GroundGolurk
75%
Bug/FightingHeracross
75%
Dark/FlyingHonchkrow
75%
Steel/PsychicMetagross
75%
RockRampardos
75%
Rock/GroundRhydon
75%
Dragon/FlyingSalamence
75%
NormalSlaking
75%
Dark/RockTyranitar
75%
Rock/DragonTyrantrum
75%
DarkAbsol
67%
RockCranidos
67%
Ghost/GrassDhelmise
67%
ElectricElectivire
67%
Psychic/FightingGallade
67%
Bug/WaterGolisopod
67%
DragonHaxorus
67%
FightingMienshao
67%
Fighting/DarkPangoro
67%
BugPinsir
67%
FightingSawk
67%
Bug/RockArmaldo
58%
Normal/FlyingBraviary
58%
RockGigalith
58%
FireFlareon
50%
GroundMudsdale
50%
WaterWishiwashi
50%
NormalUrsaring
42%
WaterKingler
33%

Score Distribution

Percentile by Number Answered

Percent of People with Each Score

Your Score History

You have not taken this quiz